000
00278nam a2200109Ia 4500
008
200302s9999 xx 000 0 und d
100
_a
B.S. Patil
245
_a
Civil engineering contracts and estimates 4th ed
260
_b
Universities Press
260
_c
2015
300
_a
498 P.,
999
_c
4079
_d
4079